Logo BPK

Biblioteka

Politechniki Koszalińskiej

Vademecum finansisty i księgowego / (Rekord nr 37001)

Szczegóły MARC
000 -ETYKIETA REKORDU
podpole kontrolne o stałej długości 00748nam a2200253 i 4500
001 - NUMER KONTROLNY REKORDU
pole kontrolne bg
020 ## - MIĘDZYNARODOWY ZNORMALIZOWANY NUMER KSIĄŻKI - ISBN
ISBN 8386939370
040 ## - ŹRÓDŁO KATALOGOWANIA
Instytucja, która utworzyła rekord BPK
041 0# - KOD JĘZYKA
Kod języka tekstu pl
080 ## - UNIWERSALNA KLASYFIKACJA DZIESIĘTNA - UKD
UKD 657:658.14/.17](083.1)
920 ## - Międzynarodowy znormalizowany numer książki – ISBN
ISBN 83-86939-37-0
008 - POLE O STAŁEJ DŁUGOŚCI - DANE KONTROLNE
podpole kontrolne o stałej długości s pl f |000 0 pol
100 1# - NAZWA OSOBOWA
Nazwa osobowa NISENGOLC, Stanisław
245 10 - TYTUŁ/ODPOWIEDZIALNOŚĆ
Tytuł Vademecum finansisty i księgowego /
Pozostałe elementy strefy tytułu i oznaczenia odpowiedzialności Stanisław Nisengolc, Wiesław Sasin.
250 ## - STREFA WYDANIA
Oznaczenie wydania Wyd. 3 zaktualiz.
260 ## - STREFA ADRESU WYDAWNICZEGO
Miejsce wydania Łódź :
Nazwa wydawcy/dystrybutora "Interfart",
Data publikacji, dystrybucji/powstania dokumentu 1999.
300 ## - STREFA OPISU FIZYCZNEGO
Objętość 305 s. ;
Rozmiary 20 cm.
504 ## - UWAGA DOTYCZĄCA BIBLIOGRAFII
Informacje o bibliografii Zbiór podstawowych przepisów dla finansisty i księgowego s. 285-304.
650 #9 - HASŁO PRZEDMIOTOWE W FORMIE NAZWY OGÓLNEJ LUB JEDNOSTKOWEJ
Nazwa ogólna lub geograficzna Księgowość
650 #9 - HASŁO PRZEDMIOTOWE W FORMIE NAZWY OGÓLNEJ LUB JEDNOSTKOWEJ
Nazwa ogólna lub geograficzna Przedsiębiorstwo
Określnik ogólny finanse
655 ## - TERMIN INDEKSOWY - OKREŚLENIE RODZAJU/FORMY DOKUMENTU
Określenie rodzaju/formy dokumentu Poradniki
700 1# - HASŁO DODATKOWE - NAZWA OSOBOWA
Nazwa osobowa SASIN, Wiesław Zygmunt
856 ## - LOKALIZACJA I DOSTĘP DO ELEKTRONICZNYCH DOKUMENTÓW ZDALNYCH
Link (URL) http://koha.tu.koszalin.pl/cgi-bin/koha/opac-detail.pl?biblionumber=37001
Tekst linku Katalog online BPK
942 ## - DODATKOWE ELEMENTY (KOHA)
Typ dokumentu Książka
Egzemplarze
Wycofany Status egzemplarza Uszkodzony Dostępność Lokalizacja stała Lokalizacja bieżąca Miejsce przechowywania Sygnatura Kod kreskowy Typ dokumentu
      Dostępny Biblioteka Politechniki Koszalińskiej Biblioteka Politechniki Koszalińskiej Wypożyczalnia BG 52571 01485776 Książka
      Tylko na miejscu Biblioteka Politechniki Koszalińskiej Biblioteka Politechniki Koszalińskiej Czytelnia Wydziałowa ul. Kwiatkowskiego 6e 52572 01485769 Książka
      Dostępny Biblioteka Politechniki Koszalińskiej Biblioteka Politechniki Koszalińskiej Wypożyczalnia BG 52573 01485752 Książka
      Dostępny Biblioteka Politechniki Koszalińskiej Biblioteka Politechniki Koszalińskiej Wypożyczalnia BG 52574 01485745 Książka
© 2023 Biblioteka Politechniki Koszalińskiej :: KOHA